000 00439nam a2200157 4500
001 111206
003 ES-MaACL
005 20230906185249.0
007 t|
008 061121s1970 sp r ||||1| baq d
100 1 _aOlea, Inocencio.
_986694
245 1 0 _aInozentzio Olea
_b: Goierriko Lorak /
_cInocencio Olea.
260 _aTolosa ; :
_bAuspoa,
_c1970 (
_fIzarra)
300 _a291 p. ;
_c18 cm.
852 _aES-MaACL
_jC-49187
_bR.75313
999 _c111206
_d111206